Southville International School and Colleges
Your cart is empty.
  • Cart
  • Lists
    Public lists Eva Luna New books Lux_list list_1
    Your lists Log in to create your own lists
  • Log in to your account
  • Your cookies
  • Search history
Southville International School and Colleges
  • Advanced search
  • Recent comments
  • Most popular
  • Libraries

Log in to your account

Log in with GOOGLE


If you do not have an external account, but do have a local account, you can still log in:

  1. Home
  2. MARC view: Frommer's Beijing /
Normal view MARC view ISBD view

Frommer's Beijing / (Record no. 283282)

[ view plain ]
MARC details
000 -LEADER
fixed length control field 00409nam a2200133Ia 4500
008 - FIXED-LENGTH DATA ELEMENTS--GENERAL INFORMATION
fixed length control field 150223s9999 xx 000 0 und d
020 ## - INTERNATIONAL STANDARD BOOK NUMBER
International Standard Book Number 9780470525661
050 ## - LIBRARY OF CONGRESS CALL NUMBER
Classification number DS 701
Item number .P534 2010
100 ## - MAIN ENTRY--PERSONAL NAME
Personal name Pham, Sherisse.
245 ## - TITLE STATEMENT
Title Frommer's Beijing /
Statement of responsibility, etc Sherisse Pham.
260 ## - PUBLICATION, DISTRIBUTION, ETC. (IMPRINT)
Place of publication, distribution, etc Hobboken :
Name of publisher, distributor, etc Wiley Publishing, Inc.
Date of publication, distribution, etc 2010
300 ## - PHYSICAL DESCRIPTION
Extent 248 pages :
Other physical details Colored, Illustration ;
Dimensions 20 cm.
504 ## - BIBLIOGRAPHY, ETC. NOTE
Bibliography, etc Includes Index.

No items available.

Frommer's Beijing /

APA

Pham S., . (2010). Frommer's Beijing. Hobboken: Wiley Publishing, Inc.

Chicago

Pham Sherisse, . 2010. Frommer's Beijing. Hobboken: Wiley Publishing, Inc.

Harvard

Pham S., . (2010). Frommer's Beijing. Hobboken: Wiley Publishing, Inc.

MLA

Pham Sherisse, . Frommer's Beijing. Hobboken: Wiley Publishing, Inc. 2010.

  • Print
  • Cite
  • Add to your cart (remove)
  • Save record
    BIBTEX Dublin Core MARCXML MARC (non-Unicode/MARC-8) MARC (Unicode/UTF-8) MARC (Unicode/UTF-8, Standard) MODS (XML) RIS
  • More searches
    Search for this title in:
    Other Libraries (WorldCat) Other Databases (Google Scholar) Online Stores (Bookfinder.com) Open Library (openlibrary.org)

Exporting to Dublin Core...

SOUTHVILLE LIBRARY

Southville International School and Colleges Library

1281 Tropical Ave. Cor. Luxembourg St., BF Homes International, Las Pinas City

Tel. No. 8256374 / 252358 Loc. 117/146

Powered by Koha